[Event "Tabor op"]
[Site "Tabor"]
[Date "2013.08.02"]
[Round "7"]
[White "Lezak, Petr"]
[Black "Havluj, Zdenek"]
[Result "0-1"]
[WhiteElo "1716"]
[BlackElo "1922"]
[PlyCount "82"]
[EventDate "2013.07.28"]
[EventType "swiss"]
[EventRounds "9"]
[EventCountry "CZE"]
[SourceTitle "CBM 155 Extra"]
[Source "ChessBase"]
[SourceDate "2013.08.26"]
[SourceVersion "1"]
[SourceVersionDate "2013.08.26"]
[SourceQuality "1"]

1. e4 c5 2. Nf3 Nc6 3. Bb5 e6 4. 0-0 Nge7 5. c3 d5 6. d3 Qb6 7. Ba4 Bd7 8. Qc2 dxe4 9. dxe4 Ng6 10. Nbd2 Be7 11. Nc4 Qc7 12. Be3 a6 13. Bxc6 Bxc6 14. Rad1 0-0 15. Rd2 b5 16. Na3 Qb7 17. Qd1 Rad8 18. Bg5 Rxd2 19. Qxd2 Bxe4 20. Bxe7 Nxe7 21. Nh4 Qd5 22. Rd1 Qh5 23. Nf3 Bxf3 24. gxf3 Qxf3 25. Nc2 Nd5 26. Ne1 Qg4+ 27. Ng2 f5 28. Re1 Rf6 29. Rxe6 Rxe6 30. Qxd5 Qe4 31. Ne3 Qxd5 32. Nxd5 Re2 33. Nc7 Rxb2 34. Nxa6 c4 35. Nb4 Rb1+ 36. Kg2 Rc1 37. Nd5 Rd1 38. Ne7+ Kf7 39. Nxf5 Kf6 40. Nd4 Rxd4 41. cxd4 c3 0-1

[Event "Tabor op"]
[Site "Tabor"]
[Date "2013.08.01"]
[Round "6"]
[White "Havluj, Zdenek"]
[Black "Eder, Antonin"]
[Result "1-0"]
[WhiteElo "1922"]
[BlackElo "1548"]
[PlyCount "41"]
[EventDate "2013.07.28"]
[EventType "swiss"]
[EventRounds "9"]
[EventCountry "CZE"]
[SourceTitle "CBM 155 Extra"]
[Source "ChessBase"]
[SourceDate "2013.08.26"]
[SourceVersion "1"]
[SourceVersionDate "2013.08.26"]
[SourceQuality "1"]

1. e4 e5 2. Nc3 Nf6 3. f4 d5 4. fxe5 Nxe4 5. d3 Nxc3 6. bxc3 Nc6 7. Nf3 Be7 8. d4 Na5 9. Bd3 0-0 10. 0-0 Bg4 11. Qe1 c5 12. Qg3 Bh5 13. Bxh7+ Kxh7 14. Qh3 g6 15. g4 Rg8 16. gxh5 g5 17. Qf5+ Kh6 18. Qxf7 Qd7 19. e6 Raf8 20. Qxg8 Rxg8 21. exd7 1-0

[Event "CZE-chT2C 1213"]
[Site "Czech Republic"]
[Date "2013.03.03"]
[Round "10.5"]
[White "Havluj, Zdenek"]
[Black "Cerny, Martin"]
[Result "0-1"]
[WhiteElo "1929"]
[BlackElo "2178"]
[PlyCount "38"]
[EventDate "2012.10.14"]
[EventType "team-tourn"]
[EventRounds "11"]
[EventCountry "CZE"]
[SourceTitle "EXT 2015"]
[Source "ChessBase"]
[SourceDate "2014.11.20"]
[SourceVersion "1"]
[SourceVersionDate "2014.11.20"]
[SourceQuality "1"]
[WhiteTeam "Tabor II"]
[BlackTeam "Ricany"]
[WhiteTeamCountry "CZE"]
[BlackTeamCountry "CZE"]

1. e4 c5 2. Nf3 e6 3. Nc3 a6 4. Be2 Nc6 5. 0-0 b5 6. a4 b4 7. Nb1 Bb7 8. c3 Nf6 9. e5 Nd5 10. Bc4 Na5 11. Bxd5 Bxd5 12. d4 Nb3 13. c4 Bxc4 14. Nbd2 Nxd2 15. Bxd2 Bxf1 16. Qxf1 cxd4 17. Nxd4 Qa5 18. Qe2 Qd5 19. Nf3 Be7 0-1

[Event "CZE-chT2C 1213"]
[Site "Czech Republic"]
[Date "2013.02.17"]
[Round "9.7"]
[White "Havluj, Zdenek"]
[Black "Landa, Jiri"]
[Result "1/2-1/2"]
[WhiteElo "1929"]
[BlackElo "1913"]
[PlyCount "89"]
[EventDate "2012.10.14"]
[EventType "team-tourn"]
[EventRounds "11"]
[EventCountry "CZE"]
[SourceTitle "EXT 2015"]
[Source "ChessBase"]
[SourceDate "2014.11.20"]
[SourceVersion "1"]
[SourceVersionDate "2014.11.20"]
[SourceQuality "1"]
[WhiteTeam "Tabor II"]
[BlackTeam "Pisek"]
[WhiteTeamCountry "CZE"]
[BlackTeamCountry "CZE"]

1. e4 c5 2. Nf3 d6 3. d4 cxd4 4. Nxd4 Nf6 5. Nc3 g6 6. Be2 Bg7 7. Be3 Nc6 8. h4 h5 9. f3 Bd7 10. Qd2 Rc8 11. 0-0-0 Ne5 12. g4 hxg4 13. f4 Nc4 14. Bxc4 Rxc4 15. f5 Rxc3 16. Qxc3 Nxe4 17. Qb3 Nc5 18. Qd5 Qa5 19. Kb1 Rh5 20. Bg5 Bxd4 21. fxg6 Be6 22. gxf7+ Bxf7 23. Qxd4 Qxa2+ 24. Kc1 Qc4 25. Qe3 Qe4 26. Qf2 Qf3 27. Qe1 Qe4 28. Qc3 Qc4 29. Qe1 Qe4 30. Qa5 Bg6 31. Qb5+ Qc6 32. Qxc6+ bxc6 33. Rhe1 Ne4 34. Rd4 d5 35. Ra4 Nxg5 36. hxg5 Rxg5 37. Rxa7 Be4 38. c4 g3 39. cxd5 cxd5 40. Kd2 g2 41. Rg1 d4 42. Ra4 Rd5 43. Ke1 e5 44. Kf2 Rb5 45. Rc1 1/2-1/2

[Event "CZE-chT2C 1213"]
[Site "Czech Republic"]
[Date "2013.01.06"]
[Round "6.5"]
[White "Filipi, Stepan"]
[Black "Havluj, Zdenek"]
[Result "1-0"]
[WhiteElo "2130"]
[BlackElo "1929"]
[PlyCount "65"]
[EventDate "2012.10.14"]
[EventType "team-tourn"]
[EventRounds "11"]
[EventCountry "CZE"]
[SourceTitle "EXT 2015"]
[Source "ChessBase"]
[SourceDate "2014.11.20"]
[SourceVersion "1"]
[SourceVersionDate "2014.11.20"]
[SourceQuality "1"]
[WhiteTeam "Vysehrad II"]
[BlackTeam "Tabor II"]
[WhiteTeamCountry "CZE"]
[BlackTeamCountry "CZE"]

1. e4 d6 2. d4 Nf6 3. Nc3 g6 4. Be3 c6 5. f3 Qa5 6. Nge2 Nbd7 7. Nc1 Bg7 8. Nb3 Qc7 9. a4 a5 10. Qd2 0-0 11. Be2 b6 12. g4 Rd8 13. g5 Ne8 14. f4 Nf8 15. d5 c5 16. 0-0-0 Bd7 17. Nb5 Qb7 18. Rhf1 Nc7 19. c4 Bxb5 20. cxb5 e6 21. Bc4 Kh8 22. f5 exd5 23. Bxd5 Nxd5 24. Qxd5 Qxd5 25. Rxd5 Be5 26. Nd2 Bxh2 27. Nc4 Nd7 28. Rh1 Bg3 29. Rg1 Ne5 30. Nxd6 Nd3+ 31. Rxd3 Bxd6 32. Rgd1 Bc7 33. Rd7 1-0

[Event "CZE-chT2C 1213"]
[Site "Czech Republic"]
[Date "2012.11.04"]
[Round "2.7"]
[White "Skoda, Martin"]
[Black "Havluj, Zdenek"]
[Result "1-0"]
[WhiteElo "2017"]
[BlackElo "1929"]
[PlyCount "83"]
[EventDate "2012.10.14"]
[EventType "team-tourn"]
[EventRounds "11"]
[EventCountry "CZE"]
[SourceTitle "EXT 2015"]
[Source "ChessBase"]
[SourceDate "2014.11.20"]
[SourceVersion "1"]
[SourceVersionDate "2014.11.20"]
[SourceQuality "1"]
[WhiteTeam "Jihlava Gambit"]
[BlackTeam "Tabor II"]
[WhiteTeamCountry "CZE"]
[BlackTeamCountry "CZE"]

1. e4 d6 2. d4 Nf6 3. Nc3 g6 4. Nf3 Bg7 5. h3 0-0 6. Be3 Nc6 7. Qd2 e5 8. d5 Ne7 9. Bh6 Nh5 10. 0-0-0 a6 11. g4 Nf4 12. Bxg7 Kxg7 13. Ne2 Nxe2+ 14. Bxe2 Ng8 15. Rdg1 Nf6 16. Qe3 c6 17. dxc6 bxc6 18. Nd2 Be6 19. Kb1 Rb8 20. Qc3 Qb6 21. f4 Qb4 22. Qxb4 Rxb4 23. f5 Bc8 24. c3 Rb8 25. g5 Ne8 26. f6+ Kg8 27. Nc4 d5 28. Nxe5 Rb6 29. Bg4 Nc7 30. Bxc8 Rxc8 31. exd5 Nxd5 32. Kc1 Re8 33. Nd3 Reb8 34. Re1 c5 35. c4 Nb4 36. Nxb4 Rxb4 37. b3 a5 38. Re3 a4 39. Kc2 axb3+ 40. axb3 R4b7 41. Rhe1 h6 42. h4 1-0

[Event "Tabor op"]
[Site "Tabor"]
[Date "2012.07.31"]
[Round "4"]
[White "Havluj, Zdenek"]
[Black "Zilavy, Jan"]
[Result "0-1"]
[WhiteElo "1976"]
[BlackElo "1657"]
[PlyCount "70"]
[EventDate "2012.07.29"]
[EventType "swiss"]
[EventRounds "9"]
[EventCountry "CZE"]
[SourceTitle "EXT 2013"]
[Source "ChessBase"]
[SourceDate "2012.11.22"]
[SourceVersion "1"]
[SourceVersionDate "2012.11.22"]
[SourceQuality "1"]

1. e4 e6 2. d4 d5 3. e5 c5 4. c3 Nc6 5. Nf3 Bd7 6. a3 Qb6 7. b4 cxd4 8. cxd4 Nge7 9. Be3 Nf5 10. Nc3 Nxe3 11. fxe3 Rc8 12. Na4 Qc7 13. Rc1 Qd8 14. Nc5 Bxc5 15. Rxc5 0-0 16. Bd3 Ne7 17. Bxh7+ Kxh7 18. Ng5+ Kh6 19. 0-0 Kxg5 20. Rf4 Nf5 21. Qg4+ Kh6 22. Qh3+ Kg6 23. Rg4+ Qg5 24. Rxg5+ Kxg5 25. Rxc8 Rxc8 26. g4 Rc1+ 27. Kf2 Rc2+ 28. Ke1 Nh4 29. Qg3 Bb5 30. Kd1 Ba4 31. Ke1 Ng2+ 32. Kf1 Bb5+ 33. Kg1 Nh4 34. Qf4+ Kg6 35. g5 Rc1+ 0-1

[Event "Tabor op"]
[Site "Tabor"]
[Date "2012.07.30"]
[Round "3"]
[White "Rychtecky, Pavel"]
[Black "Havluj, Zdenek"]
[Result "1/2-1/2"]
[WhiteElo "1717"]
[BlackElo "1976"]
[PlyCount "79"]
[EventDate "2012.07.29"]
[EventType "swiss"]
[EventRounds "9"]
[EventCountry "CZE"]
[SourceTitle "EXT 2013"]
[Source "ChessBase"]
[SourceDate "2012.11.22"]
[SourceVersion "1"]
[SourceVersionDate "2012.11.22"]
[SourceQuality "1"]

1. e4 d6 2. d4 Nf6 3. Nc3 g6 4. f4 Bg7 5. Nf3 c5 6. Bb5+ Bd7 7. 0-0 Bxb5 8. Nxb5 Qb6 9. e5 Qxb5 10. exf6 Bxf6 11. a4 Qb6 12. Be3 cxd4 13. Bxd4 Bxd4+ 14. Qxd4 Qxd4+ 15. Nxd4 Nc6 16. Nxc6 bxc6 17. f5 Rb8 18. b3 Rb4 19. Rae1 g5 20. Rf3 h5 21. Rfe3 Rb7 22. Re4 Rh6 23. h3 h4 24. Rg4 Rh5 25. Re3 d5 26. Rd4 Kd7 27. Kf2 Kd6 28. Ke2 c5 29. Rg4 e5 30. fxe6 fxe6 31. Rf3 Ke5 32. Kd3 Rg7 33. Rf8 Rh6 34. Rc8 Kd6 35. Rd8+ Kc7 36. Ra8 Kb7 37. Re8 Rhg6 38. Rh8 e5 39. Rf8 Kc6 40. Rc8+ 1/2-1/2

[Event "Tabor op"]
[Site "Tabor"]
[Date "2011.08.06"]
[Round "8"]
[White "Havluj, Zdenek"]
[Black "Groh, Jiri"]
[Result "0-1"]
[WhiteElo "1981"]
[BlackElo "2116"]
[PlyCount "64"]
[EventDate "2011.07.31"]
[EventType "swiss"]
[EventRounds "9"]
[EventCountry "CZE"]
[SourceTitle "CBM 143 Extra"]
[Source "ChessBase"]
[SourceDate "2011.08.29"]
[SourceVersion "1"]
[SourceVersionDate "2011.08.29"]
[SourceQuality "1"]

1. e4 c5 2. Nf3 Nc6 3. d4 cxd4 4. Nxd4 Nf6 5. Nc3 g6 6. Nxc6 bxc6 7. e5 Ng8 8. Bc4 Bg7 9. Qf3 f5 10. Bf4 e6 11. 0-0 Qc7 12. Rfe1 Nh6 13. Rad1 Nf7 14. Qg3 Rb8 15. Bb3 Rb4 16. h4 Rxf4 17. Qxf4 Bxe5 18. Qb4 Bd6 19. Qd4 Be5 20. Qb4 Bd6 21. Qd4 0-0 22. Qf6 Be5 23. Rxe5 Qxe5 24. Qe7 a5 25. a3 Kg7 26. a4 h6 27. h5 gxh5 28. Qh4 f4 29. Qe7 Qf6 30. Qc5 Qg5 31. Qd4+ e5 32. Qd3 d5 0-1

[Event "Tabor op"]
[Site "Tabor"]
[Date "2010.08.05"]
[Round "6"]
[White "Havluj, Zdenek"]
[Black "Stursa, Jan"]
[Result "0-1"]
[WhiteElo "1987"]
[BlackElo "2136"]
[PlyCount "56"]
[EventDate "2010.08.01"]
[EventType "swiss"]
[EventRounds "9"]
[EventCountry "CZE"]
[SourceTitle "EXT 2012"]
[Source "ChessBase"]
[SourceDate "2011.11.24"]
[SourceVersion "1"]
[SourceVersionDate "2011.11.24"]
[SourceQuality "1"]

1. e4 c5 2. Nf3 e6 3. d4 cxd4 4. Nxd4 a6 5. c4 Nf6 6. f3 Qc7 7. Be3 Nc6 8. Nxc6 dxc6 9. Bd3 Bd6 10. g3 h5 11. Qd2 e5 12. c5 Be7 13. Bc4 0-0 14. h4 Rd8 15. Qc3 Nd7 16. Bb3 a5 17. Qc4 Rf8 18. Nc3 b5 19. cxb6 Nxb6 20. Bxb6 Qxb6 21. Na4 Qe3+ 22. Qe2 Bb4+ 23. Nc3 Bxc3+ 24. bxc3 Qxc3+ 25. Kf2 Ba6 26. Qc2 Qxc2+ 27. Bxc2 Rab8 28. Rab1 Bc4 0-1

[Event "Tabor op"]
[Site "Tabor"]
[Date "2010.08.02"]
[Round "2"]
[White "Havluj, Zdenek"]
[Black "Piankov, Evgenij"]
[Result "0-1"]
[WhiteElo "1987"]
[BlackElo "2324"]
[PlyCount "28"]
[EventDate "2010.08.01"]
[EventType "swiss"]
[EventRounds "9"]
[EventCountry "CZE"]
[SourceTitle "EXT 2012"]
[Source "ChessBase"]
[SourceDate "2011.11.24"]
[SourceVersion "1"]
[SourceVersionDate "2011.11.24"]
[SourceQuality "1"]

1. e4 c6 2. d4 d5 3. e5 Bf5 4. h4 h5 5. Ne2 e6 6. Ng3 Bg6 7. Be2 c5 8. c3 Nc6 9. Be3 Qb6 10. Nd2 Qxb2 11. 0-0 c4 12. Qa4 Qxc3 13. Bxh5 Bc2 14. Qb5 Qb4 0-1

[Event "Ostrava op"]
[Site "Ostrava"]
[Date "2010.05.08"]
[Round "8"]
[White "Chromik, Tomas"]
[Black "Havluj, Zdenek"]
[Result "1-0"]
[WhiteElo "1735"]
[BlackElo "2005"]
[PlyCount "85"]
[EventDate "2010.05.01"]
[EventType "swiss"]
[EventRounds "9"]
[EventCountry "CZE"]
[SourceTitle "EXT 2011"]
[Source "ChessBase"]
[SourceDate "2010.11.26"]
[SourceVersion "1"]
[SourceVersionDate "2010.11.26"]
[SourceQuality "1"]

1. e4 c5 2. Nf3 Nc6 3. d4 cxd4 4. Nxd4 e5 5. Nb3 Bb4+ 6. Bd2 Nf6 7. Bxb4 Nxb4 8. a3 Nc6 9. Nc3 0-0 10. Qd2 d5 11. exd5 Nd4 12. Nxd4 exd4 13. Qxd4 Re8+ 14. Be2 Be6 15. 0-0-0 Nxd5 16. Nxd5 Qxd5 17. Qxd5 Bxd5 18. Rxd5 Rxe2 19. Rhd1 h5 20. R5d2 Rae8 21. c3 g5 22. Kc2 Kg7 23. Rxe2 Rxe2+ 24. Rd2 Re1 25. f3 g4 26. fxg4 hxg4 27. g3 Kf6 28. Kb3 Ke6 29. Kc4 f5 30. a4 Re4+ 31. Kb5 Re5+ 32. Kb4 Re1 33. c4 Ke5 34. Rd7 Rb1 35. Kc3 Rc1+ 36. Kb3 Rh1 37. Rd2 Ke4 38. Rf2 a5 39. Rc2 Kf3 40. c5 Rxh2 41. Rxh2 Kxg3 42. Rh7 f4 43. Rxb7 1-0

[Event "Ostrava op"]
[Site "Ostrava"]
[Date "2010.05.06"]
[Round "6"]
[White "Havluj, Zdenek"]
[Black "Miculka, David"]
[Result "1-0"]
[WhiteElo "2005"]
[BlackElo "1805"]
[PlyCount "67"]
[EventDate "2010.05.01"]
[EventType "swiss"]
[EventRounds "9"]
[EventCountry "CZE"]
[SourceTitle "EXT 2011"]
[Source "ChessBase"]
[SourceDate "2010.11.26"]
[SourceVersion "1"]
[SourceVersionDate "2010.11.26"]
[SourceQuality "1"]

1. e4 c5 2. Nf3 Nc6 3. Nc3 Nf6 4. d4 cxd4 5. Nxd4 e5 6. Ndb5 d6 7. Bg5 a6 8. Bxf6 gxf6 9. Na3 b5 10. Nd5 Bg7 11. c4 b4 12. Nc2 a5 13. Bd3 Ne7 14. Nce3 Be6 15. 0-0 Nxd5 16. exd5 Bd7 17. Qh5 Qe7 18. b3 0-0-0 19. Be4 Kc7 20. a3 Kb6 21. Nc2 Ra8 22. axb4 axb4 23. Nxb4 h6 24. Bf5 Rhc8 25. Qg4 Bxf5 26. Qxf5 Qd8 27. Nc6 Qe8 28. Qe4 Kc7 29. Qe3 Kd7 30. Qh3+ Kc7 31. Qg4 Bh8 32. h3 Kb6 33. Qh4 Bg7 34. Qg3 1-0

[Event "Ostrava op"]
[Site "Ostrava"]
[Date "2010.05.02"]
[Round "2"]
[White "Havluj, Zdenek"]
[Black "Mikulencak, Jan"]
[Result "1-0"]
[WhiteElo "2005"]
[BlackElo "1805"]
[PlyCount "83"]
[EventDate "2010.05.01"]
[EventType "swiss"]
[EventRounds "9"]
[EventCountry "CZE"]
[SourceTitle "EXT 2011"]
[Source "ChessBase"]
[SourceDate "2010.11.26"]
[SourceVersion "1"]
[SourceVersionDate "2010.11.26"]
[SourceQuality "1"]

1. e4 e5 2. Nc3 Bc5 3. f4 Bxg1 4. Rxg1 d6 5. d4 exd4 6. Qxd4 Qf6 7. Be3 Qxd4 8. Bxd4 f6 9. Nd5 Kd8 10. e5 fxe5 11. fxe5 Ne7 12. Nxe7 Kxe7 13. exd6+ cxd6 14. Bxg7 Rg8 15. Bc3 Bg4 16. Bd3 h5 17. Kd2 Nc6 18. Rae1+ Kd7 19. Bc4 Rg5 20. g3 d5 21. Bb5 a6 22. Bxc6+ bxc6 23. Bb4 Be6 24. Rgf1 Rg6 25. Ke3 Re8 26. Kd4 Rg4+ 27. Rf4 Reg8 28. Ref1 Rxf4+ 29. Rxf4 Rg4 30. Kc5 Kc7 31. Ba5+ Kb7 32. Rf6 Rc4+ 33. Kd6 Bg4 34. Rf7+ Kb8 35. c3 Ra4 36. Bb6 Rxa2 37. Rf8+ Kb7 38. Kc5 Rxb2 39. Rf7+ Kb8 40. Kxc6 Rxh2 41. Rf8+ Bc8 42. Bc7+ 1-0

[Event "Tabor op"]
[Site "Tabor"]
[Date "2009.08.07"]
[Round "7"]
[White "Havluj, Zdenek"]
[Black "Loskot, Petr"]
[Result "1/2-1/2"]
[WhiteElo "2005"]
[BlackElo "2073"]
[PlyCount "21"]
[EventDate "2009.08.02"]
[EventType "swiss"]
[EventRounds "9"]
[EventCountry "CZE"]
[SourceTitle "CBM 131 Extra"]
[Source "ChessBase"]
[SourceDate "2009.09.03"]
[SourceVersion "2"]
[SourceVersionDate "2009.09.16"]
[SourceQuality "1"]

1. e4 e6 2. d4 d5 3. e5 c5 4. c3 Nc6 5. Nf3 Qb6 6. a3 f6 7. exf6 Nxf6 8. b4 cxd4 9. cxd4 Bd6 10. Be3 0-0 11. h3 1/2-1/2

[Event "Tabor op"]
[Site "Tabor"]
[Date "2008.07.31"]
[Round "6"]
[White "Havluj, Zdenek"]
[Black "Janecek, Josef"]
[Result "1/2-1/2"]
[WhiteElo "2008"]
[BlackElo "2090"]
[PlyCount "57"]
[EventDate "2008.07.26"]
[EventType "swiss"]
[EventRounds "9"]
[EventCountry "CZE"]
[SourceTitle "CBM 125 Extra"]
[Source "ChessBase"]
[SourceDate "2008.09.01"]
[SourceVersion "1"]
[SourceVersionDate "2008.09.01"]
[SourceQuality "1"]

1. e4 c5 2. Nf3 Nc6 3. Nc3 Nf6 4. d4 cxd4 5. Nxd4 e5 6. Ndb5 d6 7. Bg5 a6 8. Bxf6 gxf6 9. Na3 b5 10. Nd5 Bg7 11. c4 f5 12. cxb5 Nd4 13. Bd3 0-0 14. 0-0 Qh4 15. f3 Kh8 16. Nc4 axb5 17. Ncb6 Rb8 18. exf5 e4 19. f6 Bh6 20. Bxe4 Ne6 21. Qe1 Qh5 22. Qf2 Nf4 23. Nxc8 Rg8 24. Nxf4 Bxf4 25. g4 Rbxc8 26. Rad1 Rc5 27. b4 Re5 28. Kh1 Qg5 29. Bf5 1/2-1/2

[Event "CZE-chT2a 0607"]
[Site "Czech Republic"]
[Date "2006.10.15"]
[Round "1.4"]
[White "Pekarek, Petr"]
[Black "Havluj, Zdenek"]
[Result "1-0"]
[WhiteElo "2151"]
[BlackElo "2044"]
[PlyCount "41"]
[EventDate "2006.10.15"]
[EventType "team"]
[EventRounds "11"]
[EventCountry "CZE"]
[SourceTitle "EXT 2009"]
[Source "ChessBase"]
[SourceDate "2008.11.26"]
[SourceVersion "1"]
[SourceVersionDate "2008.11.26"]
[SourceQuality "1"]
[WhiteTeam "Tabor"]
[BlackTeam "Tabor II"]
[WhiteTeamCountry "CZE"]
[BlackTeamCountry "CZE"]

1. e4 d6 2. Nc3 Nf6 3. f4 c6 4. Nf3 Qa5 5. g3 g6 6. Bg2 Bg7 7. 0-0 0-0 8. d3 Qh5 9. Qe1 Bh3 10. Nd1 Bxg2 11. Kxg2 Qc5 12. c3 Nbd7 13. d4 Qa5 14. e5 Ne8 15. e6 Ndf6 16. exf7+ Rxf7 17. Ng5 Qd5+ 18. Kg1 Rf8 19. Qxe7 Nc7 20. Qxc7 h6 21. Ne3 1-0

[Event "Piestany op"]
[Site "Piestany"]
[Date "2005.11.20"]
[Round "7"]
[White "Havluj, Zdenek"]
[Black "Mlynek, Petr"]
[Result "0-1"]
[WhiteElo "2070"]
[BlackElo "2270"]
[PlyCount "22"]
[EventDate "2005.11.16"]
[EventType "swiss"]
[EventRounds "7"]
[EventCountry "SVK"]
[SourceTitle "CBM 109 Extra"]
[Source "ChessBase"]
[SourceDate "2006.01.03"]
[SourceVersion "2"]
[SourceVersionDate "2006.01.03"]
[SourceQuality "1"]

1. e4 c6 2. d4 d5 3. e5 Bf5 4. h4 h5 5. Be2 e6 6. g3 c5 7. c3 Nc6 8. Nf3 Qb6 9. dxc5 Bxc5 10. 0-0 Bh3 11. b4 Bxf1 0-1

[Event "Tabor op"]
[Site "Tabor"]
[Date "2005.08.??"]
[Round "4"]
[White "Karlik, Vladimir"]
[Black "Havluj, Zdenek"]
[Result "1-0"]
[WhiteElo "2288"]
[BlackElo "2038"]
[PlyCount "69"]
[EventDate "2005.07.30"]
[EventType "swiss"]
[EventRounds "9"]
[EventCountry "CZE"]
[SourceTitle "EXT 2006"]
[Source "ChessBase"]
[SourceDate "2005.11.24"]
[SourceVersion "1"]
[SourceVersionDate "2005.11.24"]
[SourceQuality "1"]

1. d4 Nf6 2. Nf3 g6 3. Bg5 d6 4. Nbd2 Bg7 5. e4 0-0 6. c3 c6 7. Be2 Qc7 8. 0-0 e5 9. dxe5 dxe5 10. h3 Be6 11. Qc2 Nh5 12. Rfe1 Nf4 13. Bf1 h6 14. Bxf4 exf4 15. Nd4 Bc8 16. N2f3 a6 17. Rad1 c5 18. Nb3 Be6 19. e5 Bf5 20. Qd2 Nd7 21. Qxf4 Rfe8 22. Bc4 Rac8 23. Bd5 Nf6 24. c4 b5 25. Qd2 Nd7 26. g4 bxc4 27. gxf5 Nb6 28. fxg6 Nxd5 29. Qxd5 cxb3 30. gxf7+ Qxf7 31. Qxf7+ Kxf7 32. axb3 Rc6 33. Re4 Rb8 34. Rd7+ Kg6 35. Rg4+ 1-0

[Event "Tabor op"]
[Site "Tabor"]
[Date "2005.08.??"]
[Round "?"]
[White "Koubek, Vaclav1111"]
[Black "Havluj, Zdenek"]
[Result "1/2-1/2"]
[WhiteElo "2197"]
[BlackElo "2038"]
[PlyCount "54"]
[EventDate "2005.07.30"]
[EventType "swiss"]
[EventRounds "9"]
[EventCountry "CZE"]
[SourceTitle "EXT 2006"]
[Source "ChessBase"]
[SourceDate "2005.11.24"]
[SourceVersion "1"]
[SourceVersionDate "2005.11.24"]
[SourceQuality "1"]

1. e4 d6 2. d4 Nf6 3. Nc3 g6 4. Nf3 Bg7 5. Be2 0-0 6. 0-0 Bg4 7. h3 Bxf3 8. Bxf3 Nc6 9. Be3 e5 10. d5 Ne7 11. Qd2 Nd7 12. Bh6 f5 13. Bxg7 Kxg7 14. Rad1 Nf6 15. Rfe1 f4 16. Qe2 Qd7 17. Bg4 Nxg4 18. Qxg4 Qxg4 19. hxg4 f3 20. g3 Kh6 21. Rd3 Rf7 22. Nd1 Kg5 23. Ne3 Ng8 24. Nf1 Raf8 25. Rb3 b6 26. Ree3 Nh6 27. Nh2 Nxg4 1/2-1/2